00473nam a2200157Ia 4500008004000000041000800040082001200048100001300060245001400073260002600087650001400113690002200127906001100149999001900160952013600179210210b1929 xxu||||| |||| 00| 0 eng d aeng a320/494 aRODD (R) aDiplomacy abNot Mentionedc1929 aDiplomacy aPolitical Science a003136 c118473d118473 001040748Political ScienceaALbALcPolitical Scienced2021-02-17g0.00l0o320/494p003136r2021-02-17 00:00:00w2021-02-17yBK